000 00643cab a2200253 4500
001 X2251
008 090401t1995 xxu||||| |||| 00| 0 eng d
035 _a(Sirsi) u22937
041 _aeng
245 _aNew white book guidance to be published
260 _c1995
350 _a0
490 _aCSM (Chartered Surveyor Monthly)
_v4(6) April 1995, 22(1)
650 _aAMENDMENTS
650 _aFORESTRY
650 _aLEASE INDUCEMENTS
650 _aPRIVATE HEALTHCARE PROPERTY
650 _aRENT FREE PERIODS
650 _aWHITE BOOK
650 _aWOODLAND
690 _aRATING AND VALUATION
942 _n0
948 _c04/03/1997
999 _c15378
_d15378